The fifth discipline : the art & practice of the learning organization

Bibliographic Details
Main Author: Senge, Peter M.
Format: Book
Published: New York : Currency Doubleday Publishers , 1990
Subjects:

MARC

LEADER 00000cam a2200000 7i4500
001 0000026304
005 20090507.0
008 090507
020 |a 0385517254 
090 0 0 |a 658.4   |b SEN 
100 1 |a Senge, Peter M. 
245 1 0 |a The fifth discipline :   |b the art & practice of the learning organization   |c Peter M. Senge 
260 |a New York :   |b Currency Doubleday Publishers ,   |c 1990 
650 0 |a Organizational effectiveness 
650 0 |a Teams in the workplace 
999 |a 0001046345   |b Book   |c Adult Collection   |e Cawangan Urban Transformation Centre